00718nam a2200205Ia 4500003000900000008004100009020001800050040001600068080001600084100002500100245008400125260007900209300001500288650002200303650002900325650002600354942000700380999001700387952010800404IN-BaIIA211028s9999 xx 000 0 eng d a0-8194-4135-X cIIA Library a535.31bMAH aMahajan, V. N922202 0aOptical imaging and aberrationsbpart 2, wave diffraction opticscV. N. Mahajan aWashington, D. C.bThe International Society for Optical Engineeringc2001 axxi, 450p. aAbberation926382 aGeometrical optics92023 aImaging systems97247 cBK c14733d14733 00104070aBANbBANcGENd2002-08-09l3m7o535.31/ MAHp15655r2026-05-26s2025-03-18w2002-08-09yBK